Averaging Methods in Nonlinear Dynamical Systems
Na minha lista:
| Main Authors: | , , |
|---|---|
| Formato: | Livro |
| Idioma: | inglês |
| Publicado em: |
New York :
Springer Verlag,
2007
|
| Edição: | 2.ed. |
| Colecção: | Applied Mathematical Sciences
59 |
| Assuntos: | |
| Tags: |
Sem tags, seja o primeiro a adicionar uma tag!
|
MARC
| LEADER | 00000nam a22000003a 4500 | ||
|---|---|---|---|
| 001 | stu153135 | ||
| 005 | 20150617225948.3 | ||
| 008 | 071204s2007----xxu-----------------eng-d | ||
| 020 | |a 978-0-387-48916-2 | ||
| 040 | |a STU |b slo | ||
| 041 | 0 | |a eng | |
| 044 | |a xxu | ||
| 080 | |a 517.987 | ||
| 080 | |a 517.938 | ||
| 100 | 1 | |a Sanders, Jan A. |4 aut | |
| 245 | 1 | |a Averaging Methods in Nonlinear Dynamical Systems | |
| 250 | |a 2.ed. | ||
| 260 | |a New York : |b Springer Verlag, |c 2007 | ||
| 300 | |a 431 s | ||
| 650 | 7 | |a nelineárne dynamické systémy |2 stusub | |
| 700 | 1 | |a Verhulst, Ferdinand |4 aut | |
| 700 | 1 | |a Murdock, James |4 aut | |
| 830 | 0 | |a Applied Mathematical Sciences |v 59 | |
| 996 | |b 284EK87069 |c E*87069 |l EE03 |s P |a 0 |w stu153135_0001 | ||